Normal view
MARC view
- MAKE YOUR LIFE COMFORTABLE
Entry Topical Term
001 - CONTROL NUMBER
- control field: 59819
003 - CONTROL NUMBER IDENTIFIER
- control field: NUST
005 - DATE AND TIME OF LATEST TRANSACTION
- control field: 20210628202420.0
008 - FIXED-LENGTH DATA ELEMENTS
- fixed length control field: 210628|| aca||aabn | a|a d
040 ## - CATALOGING SOURCE
- Original cataloging agency: NUST
- Transcribing agency: NUST
150 ## - HEADING--TOPICAL TERM
- Topical term or geographic name entry element: MAKE YOUR LIFE COMFORTABLE
670 ## - SOURCE DATA FOUND
- Source citation: Work cat.: (NUST): Lecron, Leslie M 59818, How to make your life comfortable, 1998
